000 00293nam a2200121Ia 4500
008 240624s9999 xx 000 0 und d
041 _aeng
082 _a657 BAP
100 _aBAPAT VARADRAJ
245 _aFINANCIAL ACCOUNTING
260 _c2012
_aNew Delhi
_bTata McGraw-Hill
365 _cRS
_b33
999 _c25979
_d25979